Классификация электромагнитных помех; Энергетика: экология, надежность, безопасность

Bibliografiske detaljer
Parent link:Энергетика: экология, надежность, безопасность.— 2006.— С. 247-250
Hovedforfatter: Богданов Е. П. Евгений Петрович
Sprog:russisk
Udgivet: 2006
Fag:
Format: MixedMaterials Book Chapter
KOHA link:https://koha.lib.tpu.ru/cgi-bin/koha/opac-detail.pl?biblionumber=219266

MARC

LEADER 00000naa2a2200000 4500
001 219266
005 20240116110931.0
035 |a (RuTPU)RU\TPU\book\239308 
035 |a RU\TPU\book\239307 
090 |a 219266 
100 |a 20120704d2006 k y0rusy50 ca 
101 0 |a rus 
102 |a RU 
200 1 |a Классификация электромагнитных помех  |f Е. П. Богданов 
320 |a Библиогр.: с. 250 (3 назв.) 
463 0 |0 (RuTPU)RU\TPU\book\149791  |t Энергетика: экология, надежность, безопасность  |o материалы докладов двенадцатой Всероссийской научно-технической конференции, Томск, 6-8 декабря 2006 г.  |f Томский политехнический университет; Российский фонд фундаментальных исследований; Международная энергетическая академия; Международная академия наук экологии и безопасности жизнедеятельности  |v С. 247-250  |d 2006  |p 464 с. 
610 1 |a труды учёных ТПУ 
700 1 |a Богданов  |b Е. П.  |c специалист в области электротехники  |c доцент Томского политехнического университета, кандидат технических наук  |f 1960-  |g Евгений Петрович  |3 (RuTPU)RU\TPU\pers\26027  |9 11874 
801 1 |a RU  |b 63413507  |c 20120704 
801 2 |a RU  |b 63413507  |c 20120704  |g RCR 
942 |c BK